| 000 | 01496nam a22003017a 4500 | ||
|---|---|---|---|
| 001 | 5337 | ||
| 003 | FISKH | ||
| 005 | 20241127100422.0 | ||
| 008 | 241127b cb ||||| |||| 00| 0 eng d | ||
| 020 | _a9781612360331 | ||
| 040 |
_aFISKH _beng _cFISKH _dFISKH |
||
| 050 | _aPZ7.S845 | ||
| 082 | _a813.6 | ||
| 100 | _aSteinkraus, Kyla | ||
| 245 |
_aReady, set, race! / _cBy Kyla Steinkraus Illustrated by Bob Reese |
||
| 250 | _aPublished in 2012 | ||
| 260 |
_aFlorida : _bBlue reading, _c2012. |
||
| 300 |
_a16 pages : _bColor illustrations ; _c21 cm |
||
| 505 | _aG | ||
| 520 | _aReady, Set, Race! encourages young learners to build reading comprehension skills with grade-appropriate vocabulary, extension activities, and an engaging story. Featuring reading activities and a Comprehension & Extension section, this 24-page title introduces transitioning readers to teacher-focused concepts that will help them gain important reading comprehension and learning skills. The vibrant illustrations and engaging leveled text in the Little Birdie Books' Leveled Readers work together to tell fun stories while supporting early readers. Featuring grade-appropriate vocabulary and activities, these books help children develop essential skills for reading proficiency. | ||
| 521 | 8 |
_a420L
_bLexile |
|
| 521 | 8 |
_aG
_bRaz-Plus |
|
| 650 |
_2Fiction _aGrade 2 |
||
| 650 |
_2Interstate round 1 _aPicture book |
||
| 700 |
_aReese, Bob _dIllustrator |
||
| 942 |
_2ddc _cBK _n0 |
||
| 999 |
_c5337 _d5337 |
||